书目信息 |
| 题名: |
环境化学
|
|
| 作者: | 杨维荣 编 | |
| 分册: | ||
| 出版信息: | 北京 人民教育出版社 1980 |
|
| 页数: | 188页 | |
| 开本: | 21cm | |
| 丛书名: | ||
| 单 册: | ||
| 中图分类: | X13 | |
| 科图分类: | ||
| 主题词: | 环境化学 | |
| 电子资源: | ||
| ISBN: | ||
| 000 | 00617nam0 2200229 45 | |
| 001 | 0180003551 | |
| 005 | 20060510171424.00 | |
| 010 | @dCNY0.55 | |
| 091 | @a13012.0451 | |
| 100 | @a19950320d1980 em y0chiy0121 ea | |
| 101 | 0 | @achi |
| 102 | @aCN@b110000 | |
| 105 | @ay z 000yy | |
| 200 | 10 | @a环境化学@Ahuan jing hua xue@f杨维荣等编@Fyang wei rong deng bian |
| 210 | @a北京@c人民教育出版社@d1980 | |
| 215 | @a188页@d21cm | |
| 606 | 0 | @a环境化学 |
| 690 | @aX13 | |
| 701 | 0 | @a杨维荣@Ayang wei rong@4编 |
| 801 | 2 | @aCN@bNLC@c20060510 |
| 801 | 0 | @aCN@b上海图书馆@c20060410 |
| 905 | @f1@b40587@dX13@e2@b40585@f1 | |
| 环境化学/杨维荣等编.-北京:人民教育出版社,1980 |
| 188页;21cm |
| ISBN :CNY0.55 |
| ● |
| 相关链接 |
|
|
|
|
正题名:环境化学
索取号:X13/2
 
预约/预借
| 序号 | 登录号 | 条形码 | 馆藏地/架位号 | 状态 | 备注 |
| 1 | 0040584 | 202230834 | 密集书库/ [索取号:X13/2] | 在馆 | |
| 2 | 0040585 | 001486181 | 第三借阅区/ [索取号:X13/2] | 在馆 | |
| 3 | 0040586 | 202187533 | 密集书库/ [索取号:X13/2] | 在馆 | |
| 4 | 0040587 | 001486289 | 第三借阅区/ [索取号:X13/2] | 在馆 | |
| 5 | 0040588 | 202320880 | 密集书库/ [索取号:X13/2] | 在馆 |